| 000 | 00577nam a22001937a 4500 | ||
|---|---|---|---|
| 005 | 20230217013505.0 | ||
| 008 | 230217b |||||||| |||| 00| 0 eng d | ||
| 020 | _a978-1-260-56603-1 | ||
| 082 | _a551.46 Sv968 2020 | ||
| 100 |
_aSverdrup, Keith A. _eauthor |
||
| 245 |
_aInvestigating oceanography / _cKeith A. Sverdrup, Raphael M. Kudela |
||
| 250 | _a3rd ed. | ||
| 260 |
_aNew York: _bMcGraw-Hill Education, _cc2020. |
||
| 300 |
_axv, 511p.; _bcol. ill. |
||
| 504 | _aIncludes index | ||
| 541 | _e6228 | ||
| 650 | _aOceanography | ||
| 700 |
_aKudela, Raphael M. _eauthor |
||
| 999 |
_c1230 _d1230 |
||